| LEADER 00000nam 2200000uu 4500 |
| 001 13399123912 |
| 003 BCNT |
| 008 260701s||||||||th 000 0 tha d |
| 020 9786166200188
|
| 050 4 WY32 ช112ก 2568
|
| 060 4 WY32 ช112ก 2568
|
| 100 0 ^aชญาดา แสนหลวง.
|
| 245 1 ^aการควบคุมการประกอบวิชาชีพ การพยาบาลและการผดุงครรภ์ : กฎหมายวิชาชีพและจรรยาบรรณพยาบาล =^bNursing regulations : professional laws and code of ethicsfor nurses /^cชญาดา แสนหลวง, อุดมรัตน์ สงวนศิริธรรม.
|
| 246 3 ^aกฎหมายวิชาชีพและจรรยาบรรณพยาบาล
|
| 250 ^aพิมพ์ครั้งที่ 2 (ฉบับปรับปรุงครั้งที่ 1).
|
| 260 ^aเชียงใหม่ :^bโครงการตำราคณะพยาบาลศาสตร์ มหาวิทยาลัยเชียงใหม่, ^c2568.
|
| 300 ^a203 หน้า ;^c25 ซม
|
| 650 4 ^aการพยาบาล^vกฎหมายและระเบียบข้อบังคับ
|
| 999 ^aparamin
|